000
00334nam a22001457a 4500
003
SGT
020
_a
978-1-84619-485-4
082
_a
610
_b
T11M
100
_a
MAHANNA, KAY
245
_a
TEACHING MADE EASY: A MANUAL OF HEALTH PROFESSIONALS
250
_a
3RD
260
_a
NEW YORK
_b
CRC
_c
2011
300
_a
259
942
_2
ddc
_c
BK
999
_c
15228
_d
15228